<?xml version="1.0" encoding="UTF-8"?>
<collection xmlns="http://www.loc.gov/MARC21/slim">
 <record>
  <leader>05570cam a2201021   4500</leader>
  <controlfield tag="001">640651445</controlfield>
  <controlfield tag="003">DE-627</controlfield>
  <controlfield tag="005">20241004113349.0</controlfield>
  <controlfield tag="007">tu</controlfield>
  <controlfield tag="008">101126s2010    gw ||||| m    00| ||ger c</controlfield>
  <datafield tag="010" ind1=" " ind2=" ">
   <subfield code="a">  2010546627</subfield>
  </datafield>
  <datafield tag="020" ind1=" " ind2=" ">
   <subfield code="a">9783777210292</subfield>
   <subfield code="c">hbk.</subfield>
   <subfield code="9">978-3-7772-1029-2</subfield>
  </datafield>
  <datafield tag="035" ind1=" " ind2=" ">
   <subfield code="a">(DE-627)640651445</subfield>
  </datafield>
  <datafield tag="035" ind1=" " ind2=" ">
   <subfield code="a">(DE-576)333788362</subfield>
  </datafield>
  <datafield tag="035" ind1=" " ind2=" ">
   <subfield code="a">(DE-599)GBV640651445</subfield>
  </datafield>
  <datafield tag="035" ind1=" " ind2=" ">
   <subfield code="a">(OCoLC)688441932</subfield>
  </datafield>
  <datafield tag="035" ind1=" " ind2=" ">
   <subfield code="a">(OCoLC)688441932</subfield>
  </datafield>
  <datafield tag="040" ind1=" " ind2=" ">
   <subfield code="a">DE-627</subfield>
   <subfield code="b">ger</subfield>
   <subfield code="c">DE-627</subfield>
   <subfield code="e">rakwb</subfield>
  </datafield>
  <datafield tag="041" ind1=" " ind2=" ">
   <subfield code="a">ger</subfield>
   <subfield code="a">eng</subfield>
  </datafield>
  <datafield tag="044" ind1=" " ind2=" ">
   <subfield code="c">XA-DE-BW</subfield>
  </datafield>
  <datafield tag="050" ind1=" " ind2="0">
   <subfield code="a">HD9019.I32</subfield>
  </datafield>
  <datafield tag="082" ind1="0" ind2=" ">
   <subfield code="a">338.476672609360902</subfield>
   <subfield code="q">BSZ</subfield>
  </datafield>
  <datafield tag="082" ind1="0" ind2="4">
   <subfield code="a">330</subfield>
   <subfield code="q">DNB</subfield>
  </datafield>
  <datafield tag="084" ind1=" " ind2=" ">
   <subfield code="a">8,1</subfield>
   <subfield code="2">ssgn</subfield>
  </datafield>
  <datafield tag="084" ind1=" " ind2=" ">
   <subfield code="a">9,10</subfield>
   <subfield code="a">1</subfield>
   <subfield code="2">ssgn</subfield>
  </datafield>
  <datafield tag="084" ind1=" " ind2=" ">
   <subfield code="a">NM 7260</subfield>
   <subfield code="q">OBV</subfield>
   <subfield code="2">rvk</subfield>
   <subfield code="0">(DE-625)rvk/126406:</subfield>
  </datafield>
  <datafield tag="084" ind1=" " ind2=" ">
   <subfield code="a">NM 7250</subfield>
   <subfield code="2">rvk</subfield>
   <subfield code="0">(DE-625)rvk/126405:</subfield>
  </datafield>
  <datafield tag="084" ind1=" " ind2=" ">
   <subfield code="a">NM 1300</subfield>
   <subfield code="2">rvk</subfield>
   <subfield code="0">(DE-625)rvk/126290:</subfield>
  </datafield>
  <datafield tag="084" ind1=" " ind2=" ">
   <subfield code="a">NW 1600</subfield>
   <subfield code="2">rvk</subfield>
   <subfield code="0">(DE-625)rvk/131959:</subfield>
  </datafield>
  <datafield tag="084" ind1=" " ind2=" ">
   <subfield code="a">NM 1500</subfield>
   <subfield code="2">rvk</subfield>
   <subfield code="0">(DE-625)rvk/126292:</subfield>
  </datafield>
  <datafield tag="084" ind1=" " ind2=" ">
   <subfield code="a">15.07</subfield>
   <subfield code="2">bkl</subfield>
  </datafield>
  <datafield tag="084" ind1=" " ind2=" ">
   <subfield code="a">15.41</subfield>
   <subfield code="2">bkl</subfield>
  </datafield>
  <datafield tag="084" ind1=" " ind2=" ">
   <subfield code="a">15.33</subfield>
   <subfield code="2">bkl</subfield>
  </datafield>
  <datafield tag="090" ind1=" " ind2=" ">
   <subfield code="a">a</subfield>
  </datafield>
  <datafield tag="100" ind1="1" ind2=" ">
   <subfield code="a">Selzer, Stephan</subfield>
   <subfield code="d">1968-</subfield>
   <subfield code="0">(DE-588)124248160</subfield>
   <subfield code="0">(DE-627)085735507</subfield>
   <subfield code="0">(DE-576)17600467X</subfield>
   <subfield code="4">aut</subfield>
  </datafield>
  <datafield tag="245" ind1="1" ind2="0">
   <subfield code="a">Blau</subfield>
   <subfield code="b">Ökonomie einer Farbe im spätmittelalterlichen Reich</subfield>
   <subfield code="c">von Stephan Selzer</subfield>
  </datafield>
  <datafield tag="264" ind1=" " ind2="1">
   <subfield code="a">Stuttgart</subfield>
   <subfield code="b">Hiersemann</subfield>
   <subfield code="c">2010</subfield>
  </datafield>
  <datafield tag="300" ind1=" " ind2=" ">
   <subfield code="a">VII, 543 S.</subfield>
   <subfield code="b">Kt.</subfield>
  </datafield>
  <datafield tag="336" ind1=" " ind2=" ">
   <subfield code="a">Text</subfield>
   <subfield code="b">txt</subfield>
   <subfield code="2">rdacontent</subfield>
  </datafield>
  <datafield tag="337" ind1=" " ind2=" ">
   <subfield code="a">ohne Hilfsmittel zu benutzen</subfield>
   <subfield code="b">n</subfield>
   <subfield code="2">rdamedia</subfield>
  </datafield>
  <datafield tag="338" ind1=" " ind2=" ">
   <subfield code="a">Band</subfield>
   <subfield code="b">nc</subfield>
   <subfield code="2">rdacarrier</subfield>
  </datafield>
  <datafield tag="490" ind1="1" ind2=" ">
   <subfield code="a">Monographien zur Geschichte des Mittelalters</subfield>
   <subfield code="v">57</subfield>
  </datafield>
  <datafield tag="500" ind1=" " ind2=" ">
   <subfield code="a">Zsfassung in engl. Sprache</subfield>
  </datafield>
  <datafield tag="502" ind1=" " ind2=" ">
   <subfield code="a">Zugl.: Halle-Wittenberg, Univ., Habil.-Schr., 2006</subfield>
  </datafield>
  <datafield tag="583" ind1="1" ind2=" ">
   <subfield code="a">Archivierung/Langzeitarchivierung gewährleistet</subfield>
   <subfield code="f">PEBW</subfield>
   <subfield code="x">XA-DE-BW</subfield>
   <subfield code="2">pdager</subfield>
   <subfield code="5">DE-24</subfield>
  </datafield>
  <datafield tag="583" ind1="1" ind2=" ">
   <subfield code="a">Archivierung/Langzeitarchivierung gewährleistet</subfield>
   <subfield code="f">SSG</subfield>
   <subfield code="x">XA-DE-BW</subfield>
   <subfield code="2">pdager</subfield>
   <subfield code="5">DE-16</subfield>
  </datafield>
  <datafield tag="650" ind1=" " ind2="0">
   <subfield code="a">Indigo industry</subfield>
   <subfield code="z">Europe</subfield>
   <subfield code="x">History</subfield>
  </datafield>
  <datafield tag="650" ind1=" " ind2="0">
   <subfield code="a">Dye industry</subfield>
   <subfield code="z">Europe</subfield>
   <subfield code="x">History</subfield>
  </datafield>
  <datafield tag="650" ind1=" " ind2="0">
   <subfield code="a">Blue</subfield>
  </datafield>
  <datafield tag="650" ind1=" " ind2="4">
   <subfield code="a">Geschichte 1250-1500</subfield>
   <subfield code="7">(dpeaa)DE-2491</subfield>
  </datafield>
  <datafield tag="650" ind1=" " ind2="4">
   <subfield code="a">Blau</subfield>
   <subfield code="7">(dpeaa)DE-2491</subfield>
  </datafield>
  <datafield tag="650" ind1=" " ind2="4">
   <subfield code="a">Farbenlehre</subfield>
   <subfield code="7">(dpeaa)DE-2491</subfield>
  </datafield>
  <datafield tag="650" ind1=" " ind2="4">
   <subfield code="a">Kleidung</subfield>
   <subfield code="7">(dpeaa)DE-2491</subfield>
  </datafield>
  <datafield tag="650" ind1=" " ind2="4">
   <subfield code="a">Farbenhandel</subfield>
   <subfield code="7">(dpeaa)DE-2491</subfield>
  </datafield>
  <datafield tag="655" ind1=" " ind2="7">
   <subfield code="a">Hochschulschrift</subfield>
   <subfield code="0">(DE-588)4113937-9</subfield>
   <subfield code="0">(DE-627)105825778</subfield>
   <subfield code="0">(DE-576)209480580</subfield>
   <subfield code="2">gnd-content</subfield>
  </datafield>
  <datafield tag="689" ind1="0" ind2="0">
   <subfield code="d">g</subfield>
   <subfield code="0">(DE-588)4015701-5</subfield>
   <subfield code="0">(DE-627)104289007</subfield>
   <subfield code="0">(DE-576)208913092</subfield>
   <subfield code="a">Europa</subfield>
   <subfield code="2">gnd</subfield>
  </datafield>
  <datafield tag="689" ind1="0" ind2="1">
   <subfield code="d">s</subfield>
   <subfield code="0">(DE-588)4402816-7</subfield>
   <subfield code="0">(DE-627)193682028</subfield>
   <subfield code="0">(DE-576)212076957</subfield>
   <subfield code="a">Farbenhandel</subfield>
   <subfield code="2">gnd</subfield>
  </datafield>
  <datafield tag="689" ind1="0" ind2="2">
   <subfield code="d">s</subfield>
   <subfield code="0">(DE-588)4032259-2</subfield>
   <subfield code="0">(DE-627)104117400</subfield>
   <subfield code="0">(DE-576)208996176</subfield>
   <subfield code="a">Konsumgut</subfield>
   <subfield code="2">gnd</subfield>
  </datafield>
  <datafield tag="689" ind1="0" ind2="3">
   <subfield code="d">s</subfield>
   <subfield code="0">(DE-588)4370656-3</subfield>
   <subfield code="0">(DE-627)18333535X</subfield>
   <subfield code="0">(DE-576)211725080</subfield>
   <subfield code="a">Waidhandel</subfield>
   <subfield code="2">gnd</subfield>
  </datafield>
  <datafield tag="689" ind1="0" ind2="4">
   <subfield code="d">s</subfield>
   <subfield code="0">(DE-588)4066438-7</subfield>
   <subfield code="0">(DE-627)106113526</subfield>
   <subfield code="0">(DE-576)20916459X</subfield>
   <subfield code="a">Wirtschaftsentwicklung</subfield>
   <subfield code="2">gnd</subfield>
  </datafield>
  <datafield tag="689" ind1="0" ind2="5">
   <subfield code="a">z</subfield>
   <subfield code="2">gnd</subfield>
   <subfield code="a">Geschichte 500-1500</subfield>
  </datafield>
  <datafield tag="689" ind1="0" ind2=" ">
   <subfield code="5">DE-101</subfield>
  </datafield>
  <datafield tag="751" ind1=" " ind2=" ">
   <subfield code="a">Halle (Saale)</subfield>
   <subfield code="0">(DE-588)4023025-9</subfield>
   <subfield code="0">(DE-627)104745673</subfield>
   <subfield code="0">(DE-576)208947132</subfield>
   <subfield code="4">uvp</subfield>
  </datafield>
  <datafield tag="751" ind1=" " ind2=" ">
   <subfield code="a">Wittenberg</subfield>
   <subfield code="0">(DE-588)4066640-2</subfield>
   <subfield code="0">(DE-627)102224315</subfield>
   <subfield code="0">(DE-576)209165545</subfield>
   <subfield code="4">uvp</subfield>
  </datafield>
  <datafield tag="787" ind1="0" ind2="8">
   <subfield code="i">Rezensiert in</subfield>
   <subfield code="a">Frieling, Kirsten O., 1977 - </subfield>
   <subfield code="t">[Rezension von: Stephan Selzer, Blau. Ökonomie einer Farbe im spätmittelalterlichen Reich]</subfield>
   <subfield code="d">2012</subfield>
   <subfield code="w">(DE-627)1806411458</subfield>
  </datafield>
  <datafield tag="830" ind1=" " ind2="0">
   <subfield code="a">Monographien zur Geschichte des Mittelalters</subfield>
   <subfield code="v">57</subfield>
   <subfield code="9">57</subfield>
   <subfield code="w">(DE-627)130109622</subfield>
   <subfield code="w">(DE-576)028451198</subfield>
   <subfield code="w">(DE-600)503631-8</subfield>
   <subfield code="x">0026-9832</subfield>
   <subfield code="7">ns</subfield>
  </datafield>
  <datafield tag="856" ind1="4" ind2="2">
   <subfield code="u">https://swbplus.bsz-bw.de/bsz333788362rez.htm</subfield>
   <subfield code="m">B:DE-576;DE-16</subfield>
   <subfield code="q">application/pdf</subfield>
   <subfield code="v">20120321160350</subfield>
   <subfield code="x">Verlag</subfield>
   <subfield code="3">Rezension</subfield>
  </datafield>
  <datafield tag="856" ind1="4" ind2="2">
   <subfield code="u">http://www.sehepunkte.de/2012/02/20287.html</subfield>
   <subfield code="m">V:DE-576;X:Sehepunkte</subfield>
   <subfield code="q">text/html</subfield>
   <subfield code="v">20180413101131</subfield>
   <subfield code="3">Rezension</subfield>
  </datafield>
  <datafield tag="935" ind1=" " ind2=" ">
   <subfield code="a">mteo</subfield>
  </datafield>
  <datafield tag="935" ind1=" " ind2=" ">
   <subfield code="i">sf</subfield>
  </datafield>
  <datafield tag="935" ind1=" " ind2=" ">
   <subfield code="i">Blocktest</subfield>
  </datafield>
  <datafield tag="936" ind1="r" ind2="v">
   <subfield code="a">NM 7260</subfield>
   <subfield code="b">Kirchengeschichte, Geistes- und Kulturgeschichte</subfield>
   <subfield code="k">Geschichte</subfield>
   <subfield code="k">Geschichte des Mittelalters</subfield>
   <subfield code="k">Abendländische Geschichte im Mittelalter nach Zeitabschnitten</subfield>
   <subfield code="k">Spätmittelalter (1250 - 1519)</subfield>
   <subfield code="k">Kirchengeschichte, Geistes- und Kulturgeschichte</subfield>
   <subfield code="0">(DE-627)1271462583</subfield>
   <subfield code="0">(DE-625)rvk/126406:</subfield>
   <subfield code="0">(DE-576)201462583</subfield>
  </datafield>
  <datafield tag="936" ind1="r" ind2="v">
   <subfield code="a">NM 7250</subfield>
   <subfield code="b">Einzelbeiträge</subfield>
   <subfield code="k">Geschichte</subfield>
   <subfield code="k">Geschichte des Mittelalters</subfield>
   <subfield code="k">Abendländische Geschichte im Mittelalter nach Zeitabschnitten</subfield>
   <subfield code="k">Spätmittelalter (1250 - 1519)</subfield>
   <subfield code="k">Einzelbeiträge</subfield>
   <subfield code="0">(DE-627)1271462575</subfield>
   <subfield code="0">(DE-625)rvk/126405:</subfield>
   <subfield code="0">(DE-576)201462575</subfield>
  </datafield>
  <datafield tag="936" ind1="r" ind2="v">
   <subfield code="a">NM 1300</subfield>
   <subfield code="b">Einzelbeiträge (u.a. Sammelbiografien)</subfield>
   <subfield code="k">Geschichte</subfield>
   <subfield code="k">Geschichte des Mittelalters</subfield>
   <subfield code="k">Quellen und Darstellungen zum Gesamtzeitraum</subfield>
   <subfield code="k">Darstellungen</subfield>
   <subfield code="k">Einzelbeiträge (u.a. Sammelbiografien)</subfield>
   <subfield code="0">(DE-627)1270881418</subfield>
   <subfield code="0">(DE-625)rvk/126290:</subfield>
   <subfield code="0">(DE-576)200881418</subfield>
  </datafield>
  <datafield tag="936" ind1="r" ind2="v">
   <subfield code="a">NW 1600</subfield>
   <subfield code="b">Mittelalterliche christliche Wirtschafts-und Gesellschaftsauffassung</subfield>
   <subfield code="k">Geschichte</subfield>
   <subfield code="k">Wirtschafts- und Sozialgeschichte</subfield>
   <subfield code="k">Ideengeschichte</subfield>
   <subfield code="k">Mittelalterliche christliche Wirtschafts-und Gesellschaftsauffassung</subfield>
   <subfield code="0">(DE-627)1271539756</subfield>
   <subfield code="0">(DE-625)rvk/131959:</subfield>
   <subfield code="0">(DE-576)201539756</subfield>
  </datafield>
  <datafield tag="936" ind1="r" ind2="v">
   <subfield code="a">NM 1500</subfield>
   <subfield code="b">Sonstige Spezialdarstellungen</subfield>
   <subfield code="k">Geschichte</subfield>
   <subfield code="k">Geschichte des Mittelalters</subfield>
   <subfield code="k">Quellen und Darstellungen zum Gesamtzeitraum</subfield>
   <subfield code="k">Darstellungen</subfield>
   <subfield code="k">Sonstige Spezialdarstellungen</subfield>
   <subfield code="0">(DE-627)1270706748</subfield>
   <subfield code="0">(DE-625)rvk/126292:</subfield>
   <subfield code="0">(DE-576)200706748</subfield>
  </datafield>
  <datafield tag="936" ind1="b" ind2="k">
   <subfield code="a">15.07</subfield>
   <subfield code="j">Kulturgeschichte</subfield>
   <subfield code="0">(DE-627)181569620</subfield>
  </datafield>
  <datafield tag="936" ind1="b" ind2="k">
   <subfield code="a">15.41</subfield>
   <subfield code="j">Deutsche Geschichte bis 1499</subfield>
   <subfield code="x">Deutsche Geschichte</subfield>
   <subfield code="0">(DE-627)18156971X</subfield>
  </datafield>
  <datafield tag="936" ind1="b" ind2="k">
   <subfield code="a">15.33</subfield>
   <subfield code="j">Hoch- und Spätmittelalter</subfield>
   <subfield code="q">coli-conc RVK-&gt;BK</subfield>
   <subfield code="q">https://coli-conc.gbv.de/api/mappings/60459f8e-5cf3-495f-b29b-ffec5c726ba7</subfield>
   <subfield code="0">(DE-627)181571560</subfield>
  </datafield>
  <datafield tag="951" ind1=" " ind2=" ">
   <subfield code="a">BO</subfield>
  </datafield>
  <datafield tag="990" ind1=" " ind2=" ">
   <subfield code="a">Europa</subfield>
  </datafield>
  <datafield tag="990" ind1=" " ind2=" ">
   <subfield code="a">Farbenhandel</subfield>
  </datafield>
  <datafield tag="990" ind1=" " ind2=" ">
   <subfield code="a">Konsumgut</subfield>
  </datafield>
  <datafield tag="990" ind1=" " ind2=" ">
   <subfield code="a">Waidhandel</subfield>
  </datafield>
  <datafield tag="990" ind1=" " ind2=" ">
   <subfield code="a">Wirtschaftsentwicklung</subfield>
  </datafield>
  <datafield tag="990" ind1=" " ind2=" ">
   <subfield code="a">Geschichte 500-1500</subfield>
  </datafield>
  <datafield tag="991" ind1=" " ind2=" ">
   <subfield code="a">Rezensiertes Werk</subfield>
  </datafield>
  <datafield tag="999" ind1=" " ind2=" ">
   <subfield code="a">KXP-PPN640651445</subfield>
   <subfield code="e">4162944091</subfield>
  </datafield>
 </record>
</collection>
